000 01007 a2200169 4500
020 _a0198254733 (paperback)
020 _a9780198254737 (paperback)
082 _a348.97
100 1 _aSchacht, Joseph.
_9126928
245 1 3 _aAn introduction to islamic law /
_cJoseph Schacht.
260 _a[S.l.] :
_bOxford University Press, USA,
_c1983.
300 _a312 p. ;
_c22 cm.
520 _aThis book presents a broad account of the present knowledge of the history and outlines the system of Islamic law. Showing that Islamic law is the key to understanding the essence of one of the great world religions, this book explores how it still influences the laws of contemporary Islamic states, and is in itself a remarkable manifestation of legal thought.
650 _2NLS2024, NLSETEXTBOOK, NLSEBOOKBANK, ISLAMIC JURISPRUDENCE
856 4 0 _3Amazon.com
_uhttp://www.amazon.com/exec/obidos/ASIN/0198254733/chopaconline-20
_uhttp://10.250.8.41:8080/xmlui/handle/123456789/47944
942 _aNBS
_cBK
_k348.97 SCH
_2ddc
999 _c349011
_d349011